Statistiken für Länder in der Nähe von Malawi - Ein-Minuten-Sprint

Klicken Sie hier um das Quiz zu spielen!

Allgemein

  • Dieses Quiz wurde 66 mal gespielt
  • Das Durchschnittsergebnis liegt bei 15 aus 20

Antwortstatistiken

KmLand% Korrekt
0Mosambik
95%
292Dem Rep Kongo
93%
0Sambia
91%
0Tansania
89%
162Simbabwe
88%
707Südafrika
88%
815Ruanda
84%
942Uganda
84%
936Angola
82%
820Botswana
82%
652Burundi
82%
919Namibia
82%
795Kenia
79%
1433Lesotho
77%
1028Eswatini
75%
879Madagaskar
57%
1232Somalia
54%
1551Äthiopien
46%
859Komoren
45%
1434Südsudan
41%

Verteilung der Resultate

Perzentil nach korrekt beantworteten Fragen

Anzahl Personen mit jedem Resultat

Ihre Resultats-Entwicklung

Sie haben dieses Quiz noch nicht gespielt